00413nam a2200097Ia 4500008004100000100002100041245014200062260003800204650001200242856006100254160909s9999 xx 000 0 und d aMcCoy, Ashley D. 3aAn Exploration of the Lived Experiences of the Caregiving Role and Life Satisfaction in Caregivers Following Traumatic Spinal Cord Injury bUniversity of Nevada, Reno.c2016 aNursing uhttp://pqdtopen.proquest.com/doc/1808433202.html?FMT=ABS